Robert-Collins dictionnaire français-anglais anglais-français = Collins-Robert french-english english-french dictionary
Tallennettuna:
| Päätekijä: | |
|---|---|
| Aineistotyyppi: | Kirja |
| Kieli: | Undetermined |
| Julkaistu: |
París, Francia
Paris, Société du Nouveau Littré
1983
|
| Aiheet: | |
| Tagit: |
Lisää tagi
Ei tageja, Lisää ensimmäinen tagi!
|
MARC
| LEADER | 00000nam a2200000Ia 4500 | ||
|---|---|---|---|
| 008 | 170316s9999 xx 000 0 und d | ||
| 020 | |a 2-85036-008-2 | ||
| 040 | |a cru BVZT | ||
| 090 | |a R-413 R-2r FRA-ING | ||
| 100 | |a Robert, Paul ; Atkins, Beryl T. | ||
| 245 | |a Robert-Collins dictionnaire français-anglais anglais-français = Collins-Robert french-english english-french dictionary |c Beryl T. Atkins, Alain Duval, Rosemary C.Milne , Pierre-Henri Cousin, Hélène M. A. Lewis, Lorna A. Sinclair, Renée O. Birks, Marie-Nölle Lamy | ||
| 260 | |a París, Francia | ||
| 260 | |b Paris, Société du Nouveau Littré | ||
| 260 | |c 1983 | ||
| 300 | |a xxxviii, 781 páginas | ||
| 650 | 0 | |a REFERENCIA |9 27 | |
| 650 | 0 | |a DICCIONARIO |9 28 | |
| 650 | 0 | |a FRANCÉS-INGLÉS |9 107 | |
| 942 | |c REF |2 z | ||
| 999 | |c 14923 |d 14923 | ||



